Learning Computers-8 (Record no. 9372)

MARC details
000 -LEADER
fixed length control field 00247nam a22000977a 4500
008 - FIXED-LENGTH DATA ELEMENTS--GENERAL INFORMATION
fixed length control field 180129b ||||| |||| 00| 0 eng d
020 ## - INTERNATIONAL STANDARD BOOK NUMBER
International Standard Book Number 9788122007619
100 ## - MAIN ENTRY--PERSONAL NAME
Personal name Jayaswal,A.
9 (RLIN) 5605
245 ## - TITLE STATEMENT
Title Learning Computers-8
260 ## - PUBLICATION, DISTRIBUTION, ETC. (IMPRINT)
Place of publication, distribution, etc. New Delhi
Name of publisher, distributor, etc. Konark
Date of publication, distribution, etc. 2009
Holdings
Withdrawn status Lost status Source of classification or shelving scheme Damaged status Koha normalized classification for sorting Not for loan Home library Current library Shelving location Date acquired Total Checkouts Full call number Barcode Date last seen Price effective from Koha item type
    Dewey Decimal Classification   JAY_004_000000000000000_D8   Good Samaritan School Library Good Samaritan School Library Computer Science 01/29/2018   JAY004 D-8 JAY13376 01/29/2018 01/29/2018 BOOK

Powered by Koha